=LDR 00000nam 2200000 4500 =001 NUTBA000000000003527 =005 20140821103010.0 =006 =007 =008 =020 ##$$a 978-979-29-0331-7 =035 ##$$a 0010-081400000000372 =040 ##$$a NBPDMAT =082 ##$$a 004.076 =090 ##$$a 004.076 $b Com c =245 ##$$a Computer around us : $b Pengolah angka untuk SMP/Mts/Editor Benedicta Rini Widiarti =250 ##$$a Cet.1 =260 ##$$a Yogyakarta : $b Andi, $c 2008 =300 ##$$a viii, 120 hlm. ; $c 23 cm. =650 ##$$a Komputer - Studi dan Pengajaran =700 ##$$a Benedicta Rini Widiarti =850 ##$$a NBPDMAT =990 ##$$a 21405517